Cours de langue Italienne : a l'aide duquel on peut apprendre cette Langue chez soi, sans maître, & en deux ou trois mois de lecture /

Bibliographic Details
Main Author: Luneau de Boisjermain, Pierre Joseph François, 1732-1801
Format: Book
Language:French
Italian
Published: À Paris : Chez l'Auteur, 1783.
Subjects:

MARC

Tag First Indicator Second Indicator Subfields
LEADER 00000cam a2200000Ia 4500
001 in00002467362
005 20151110113654.0
008 090507s1783 fr 000 0 fre d
035 |a (OCoLC)ocn320424916 
035 |a (OCoLC)320424916 
040 |a TXA  |c TEF  |d TXA  |d UtOrBLW 
041 0 |a fre  |a ita 
049 |a TXAM 
050 4 |a PC1129.F7  |b L86 1783 
082 0 4 |a 458.3/441  |2 22 
100 1 |a Luneau de Boisjermain, Pierre Joseph François,  |d 1732-1801. 
245 1 0 |a Cours de langue Italienne :  |b a l'aide duquel on peut apprendre cette Langue chez soi, sans maître, & en deux ou trois mois de lecture /  |c par M. Luneau de Boisjermain. 
264 1 |a À Paris :  |b Chez l'Auteur,  |c 1783. 
300 |a xvi, 355 pages ;  |c 23 cm. 
336 |a text  |b txt  |2 rdacontent 
337 |a unmediated  |b n  |2 rdamedia 
338 |a volume  |b nc  |2 rdacarrier 
650 0 |a Italian language  |v Textbooks for foreign speakers  |x French. 
650 0 |a Italian language  |v Self-instruction. 
936 |a PR 68927751 
948 |a cataloged  |b h  |c 2009/12/21  |d c  |e hgolay  |f 3:17:15 pm 
994 |a C0  |b TXA 
999 |a MARS 
999 f f |s b52a7a2c-868b-3a28-8179-0f2396c878aa  |i 57f23b4a-01a4-32c4-9acf-c3ef96ececfd  |t 0 
952 f f |p noncirc  |a Texas A&M University  |b College Station  |c Cushing Memorial Library & Archives  |d Cushing: Dawson French (Does not check out)  |t 0  |e PC1129.F7 L86 1783  |h Library of Congress classification  |i unmediated -- volume 
998 f f |a PC1129.F7 L86 1783  |t 0  |l Cushing: Dawson French (Does not check out)